Smith and Tanagho's general urology. (Record no. 19)

000 -LEADER
fixed length control field 02230cam a22005418a 4500
001 - CONTROL NUMBER
control field 778040102
003 - CONTROL NUMBER IDENTIFIER
control field OCoLC
005 - DATE AND TIME OF LATEST TRANSACTION
control field 20210408061520.0
008 - FIXED-LENGTH DATA ELEMENTS--GENERAL INFORMATION
fixed length control field 120217s2013 nyu b 001 0 eng
010 ## - LIBRARY OF CONGRESS CONTROL NUMBER
LC control number 2012007118
016 7# - NATIONAL BIBLIOGRAPHIC AGENCY CONTROL NUMBER
Record control number 101578464
Source DNLM
020 ## - INTERNATIONAL STANDARD BOOK NUMBER
International Standard Book Number 9780071624978 (softcover : alk. paper)
020 ## - INTERNATIONAL STANDARD BOOK NUMBER
International Standard Book Number 007162497X (MHID)
035 ## - SYSTEM CONTROL NUMBER
System control number (OCoLC)778040102
Canceled/invalid control number (OCoLC)793223391
040 ## - CATALOGING SOURCE
Original cataloging agency DNLM/DLC
Language of cataloging eng
Transcribing agency DLC
Modifying agency NLM
-- BDX
-- YDXCP
-- BTCTA
-- OCLCO
042 ## - AUTHENTICATION CODE
Authentication code pcc
049 ## - LOCAL HOLDINGS (OCLC)
Holding library YYEA
-- VZYM
080 ## - UNIVERSAL DECIMAL CLASSIFICATION NUMBER
Universal Decimal Classification number 616.6
Item number S-68
096 ## - LOCALLY ASSIGNED NLM-TYPE CALL NUMBER (OCLC)
Classification number WJ 100 S468 2013
100 ## - MAIN ENTRY--PERSONAL NAME
9 (RLIN) 123
Personal name McAninch, W. Jack
245 00 - TITLE STATEMENT
Title Smith and Tanagho's general urology.
246 1# - VARYING FORM OF TITLE
Title proper/short title General urology.
250 ## - EDITION STATEMENT
Edition statement 18th ed. /
Remainder of edition statement editors, Jack W. McAninch, Thomas F. Lue.
260 ## - PUBLICATION, DISTRIBUTION, ETC.
Place of publication, distribution, etc. New York :
Name of publisher, distributor, etc. McGraw-Hill Professional,
Date of publication, distribution, etc. c2013.
300 ## - PHYSICAL DESCRIPTION
Extent x, 758 p. :
Other physical details ill. ;
Dimensions 23 cm.
500 ## - GENERAL NOTE
General note Rev. ed. of: Smith's general urology. 17th ed. c2008.
500 ## - GENERAL NOTE
General note EINSTEIN & MMC: available online via AccessMedicine. See Reference for assistance.
500 ## - GENERAL NOTE
General note MMC: available online via AccessSurgery. See staff for assistance.
504 ## - BIBLIOGRAPHY, ETC. NOTE
Bibliography, etc. note Includes bibliographical references and index.
590 ## - LOCAL NOTE (RLIN)
Local note c.1 10064102 Ritt 11/19/12 $89.00.
650 #2 - SUBJECT ADDED ENTRY--TOPICAL TERM
Topical term or geographic name entry element Urologic Diseases.
650 #0 - SUBJECT ADDED ENTRY--TOPICAL TERM
Topical term or geographic name entry element Urology
9 (RLIN) 121
650 #0 - SUBJECT ADDED ENTRY--TOPICAL TERM
Topical term or geographic name entry element Medicine
9 (RLIN) 69
653 ## - INDEX TERM--UNCONTROLLED
Uncontrolled term უროლოგია
653 ## - INDEX TERM--UNCONTROLLED
Uncontrolled term უროლოგიური დაავადებები
653 ## - INDEX TERM--UNCONTROLLED
Uncontrolled term მედიცინა
655 #7 - INDEX TERM--GENRE/FORM
Genre/form data or focus term Electronic books.
700 1# - ADDED ENTRY--PERSONAL NAME
Personal name McAninch, Jack W.
700 1# - ADDED ENTRY--PERSONAL NAME
Personal name Lue, Tom F.
700 1# - ADDED ENTRY--PERSONAL NAME
Personal name Smith, Donald R.
Fuller form of name (Donald Ridgeway),
Dates associated with a name 1909-1991.
710 2# - ADDED ENTRY--CORPORATE NAME
Corporate name or jurisdiction name as entry element AccessMedicine (Online Service)
710 2# - ADDED ENTRY--CORPORATE NAME
Corporate name or jurisdiction name as entry element AccessSurgery (Online Service)
730 0# - ADDED ENTRY--UNIFORM TITLE
Uniform title Smith's general urology.
856 40 - ELECTRONIC LOCATION AND ACCESS
Materials specified AccessMedicine
Uniform Resource Identifier <a href="https://elibrary.einsteinmed.org/login?URL=https://accessmedicine.mhmedical.com/book.aspx?bookid=508 ">https://elibrary.einsteinmed.org/login?URL=https://accessmedicine.mhmedical.com/book.aspx?bookid=508 </a>
Public note EINSTEIN: AccessMedicine ebook collection
856 41 - ELECTRONIC LOCATION AND ACCESS
Materials specified AccessMedicine
Uniform Resource Identifier <a href="https://accessmedicine.mhmedical.com/book.aspx?bookid=508 ">https://accessmedicine.mhmedical.com/book.aspx?bookid=508 </a>
Public note MMC: AccessMedicine ebook collection
856 41 - ELECTRONIC LOCATION AND ACCESS
Materials specified AccessSurgery
Uniform Resource Identifier <a href="https://accesssurgery.mhmedical.com/book.aspx?bookid=508">https://accesssurgery.mhmedical.com/book.aspx?bookid=508</a>
Public note MMC: AccessSurgery ebook collection
942 ## - ADDED ENTRY ELEMENTS (KOHA)
Source of classification or shelving scheme
Koha item type Books
Edition 18
Holdings
Withdrawn status Lost status Source of classification or shelving scheme Damaged status Not for loan Permanent location Current location Date acquired Inventory number Full call number Barcode Date last seen Price effective from Koha item type
          Ken Walker International University Ken Walker International University 11/05/2020 12 616.6 S-68 12 11/05/2020 11/05/2020 Books

Powered by Koha